00644nas a2200193 a 450000100060000000300080000600500170001400800410003103500190007204000680009104100080015908200290016711000130019624501000020926000650030930000250037465000190039971000320041847010BD-RjUL20211209054239.0160806s1959 pk ar f0 a0eng  a(BD-RjUL)47129 aDLCbengcMnMULSdNICdDLCdOCoLCdNNC-LdMiU-LdOCoLCdBD-RjUL aeng 223a340.095491bCOL 19591 aPakistan12aA collection of the central acts and ordinances for the year 1958 /cPakistan. Ministry of Law. aKarachi :bManager of Publications, Govt. of Pakistan,c1959 aVarious p. ;c25 cm. 0aLawzPakistan.1 aPakistan.bMinistry of Law.